|
|
|
|
| LEADER |
00000cam a2200000 4500 |
| 001 |
vtls012068462 |
| 003 |
SK-MaSNL |
| 005 |
20260301104200.0 |
| 008 |
210913s2021 xo ho e c 000 0dslo |
| 015 |
|
|
|a SNBE2021
|
| 020 |
|
|
|a 9788097365219
|q (brožované)
|
| 040 |
|
|
|a SNK
|b slo
|c SNK
|e rda
|
| 041 |
1 |
|
|a slo
|a eng
|
| 043 |
|
|
|a e-xo---
|
| 044 |
|
|
|a xo
|c SK
|
| 072 |
|
7 |
|a 069
|x Múzeá. Muzeológia. Múzejníctvo. Výstavy
|2 konspekt
|
| 080 |
|
|
|a 069.5
|2 2011
|
| 080 |
|
|
|a (437.671)
|2 2011
|
| 080 |
|
|
|a 069
|2 2011
|
| 080 |
|
|
|a (083.824)
|2 2011
|
| 080 |
|
|
|a (=411.16)
|2 2011
|
| 080 |
|
|
|a 94(=411.16)
|2 2011
|
| 080 |
|
|
|a 904(=411.16)
|2 2011
|
| 080 |
|
|
|a 316.723:26
|2 2011
|
| 080 |
|
|
|a 002.2(=1/=9)+908(100)
|2 2011
|
| 080 |
|
|
|a 069.51
|2 2011
|
| 100 |
1 |
|
|a Borský, Maroš
|4 aut
|9 316093
|
| 245 |
1 |
0 |
|a Poklady Židovského múzea v Prešove III
|c Maroš Borský, Jana Švantnerová a kol. ; preklad: Lucia Cebová, Štefan Cebo, Peter Guštafík
|
| 246 |
3 |
1 |
|a Treasures of the Jewish Museum in Prešov III
|
| 264 |
|
1 |
|a Bratislava
|b Neinvestičný fond židovského kultúrneho dedičstva - Menorah
|c 2021
|
| 300 |
|
|
|a 255 strán
|b faksimile, fotografie (prevažne farebné)
|c 27 cm
|
| 336 |
|
|
|a text
|b txt
|2 rdacontent
|
| 336 |
|
|
|a statický obraz
|b sti
|2 rdacontent
|
| 337 |
|
|
|a bez média
|b n
|2 rdamedia
|
| 338 |
|
|
|a zväzok
|b nc
|2 rdacarrier
|
| 500 |
|
|
|a Katalóg výstavy v Židovskom komunitnom múzeu, Bratislava 2. júl-10. október 2021
|
| 500 |
|
|
|a Obsahuje zoznam vystavených predmetov ; zdroje ilustrácií
|
| 504 |
|
|
|a Obsahuje bibliografické odkazy
|
| 546 |
|
|
|a Súbežný názov a text v angličtine
|
| 610 |
2 |
7 |
|a Židovské múzeum (Prešov, Slovensko)
|2 SNKKA
|9 31760
|
| 650 |
0 |
7 |
|a múzeá
|2 SNKPH
|9 4119
|
| 650 |
0 |
7 |
|a Museums
|2 SNKPHeng
|9 265072
|
| 650 |
0 |
7 |
|a múzejné zbierky
|2 SNKPH
|9 69988
|
| 650 |
0 |
7 |
|a Museum collections
|2 SNKPHeng
|9 265953
|
| 650 |
0 |
7 |
|a Židia
|z Slovensko
|2 SNKPH
|9 16175
|
| 650 |
0 |
7 |
|a dejiny Židov
|2 SNKPH
|9 83301
|
| 650 |
0 |
7 |
|a židovská kultúra
|2 SNKPH
|9 4095
|
| 650 |
0 |
7 |
|a židovské pamiatky
|2 SNKPH
|9 316094
|
| 650 |
0 |
7 |
|a judaiká
|2 SNKPH
|9 57129
|
| 650 |
0 |
7 |
|a zbierkové predmety
|2 SNKPH
|9 30269
|
| 650 |
0 |
7 |
|a Jews
|z Slovakia
|2 SNKPHeng
|9 333196
|
| 650 |
0 |
7 |
|a History of the Jews
|2 SNKPHeng
|9 267344
|
| 650 |
0 |
7 |
|a Jewish culture
|2 SNKPHeng
|9 319802
|
| 650 |
0 |
7 |
|a Jewish monuments
|2 SNKPHeng
|9 317612
|
| 650 |
0 |
7 |
|a judaica
|2 SNKPHeng
|9 333197
|
| 650 |
0 |
7 |
|a Collection's objects
|2 SNKPHeng
|9 110103
|
| 651 |
|
7 |
|a Prešov (Slovensko)
|2 SNKPH
|9 17347
|
| 651 |
|
7 |
|a Prešov (Slovakia)
|2 SNKPHeng
|9 267943
|
| 655 |
|
7 |
|a katalógy výstav
|2 SNKPH
|9 70445
|
| 655 |
|
7 |
|a Exhibition catalogs
|2 SNKPHeng
|9 266232
|
| 700 |
1 |
|
|a Švantnerová, Jana
|4 aut
|9 329509
|
| 700 |
1 |
|
|a Bányai, Viktória,
|d 1971-
|4 aut
|9 442526
|
| 700 |
1 |
|
|a Goldstein, Andrew
|4 aut
|9 442527
|
| 700 |
1 |
|
|a Hasalová, Eva,
|d 1974-
|4 aut
|9 233359
|
| 700 |
1 |
|
|a Heimann-Jelinek, Felicitas
|4 aut
|9 333201
|
| 700 |
1 |
|
|a Sabin Hill, Brad
|4 aut
|9 436368
|
| 700 |
1 |
|
|a Koblišková, Zuzana
|4 aut
|9 440624
|
| 700 |
1 |
|
|a Polakovič, Daniel
|4 aut
|9 365715
|
| 700 |
1 |
|
|a Szeghy-Gayer, Veronika,
|d 1986-
|4 aut
|9 170193
|
| 700 |
1 |
|
|a Zajonc, Juraj,
|d 1964-
|4 aut
|9 101529
|
| 700 |
1 |
|
|a Cebová, Lucia
|4 trl
|9 333204
|
| 700 |
1 |
|
|a Cebo, Štefan
|4 trl
|9 333205
|
| 700 |
1 |
|
|a Guštafík, Peter
|4 trl
|9 333206
|
| 852 |
|
|
|a Štátna vedecká knižnica v Banskej Bystrici
|
| 919 |
|
|
|a 978-80-973652-1-9
|
| 958 |
|
|
|a NB
|
| 999 |
|
|
|c 697447
|d 699377
|
| 952 |
|
|
|a SNK
|b SNK
|y PREZ
|7 0
|p 17A1467777
|o snkOSB 20448
|i snk2021/16849
|8 0
|0 0
|1 0
|4 0
|d 2021-10-29
|l 0
|r 2026-02-23 20:46:38
|w 2026-02-23
|
| 952 |
|
|
|a SNK
|b SNK
|y VYP
|7 0
|p 17A1467778
|o snkOSB 20448 D1
|i snk2021/16851
|8 0
|0 0
|1 0
|4 0
|d 2021-10-29
|l 0
|r 2026-02-23 20:46:38
|w 2026-02-23
|